La Argentina de los noventa (Registro nro. 6688)

Detalles MARC
000 -LEADER
fixed length control field 01808 a2200241 4500
001 - CONTROL NUMBER
control field 59434
005 - DATE AND TIME OF LATEST TRANSACTION
control field 20260407155848.0
008 - FIXED-LENGTH DATA ELEMENTS--GENERAL INFORMATION
fixed length control field 260407a2000 arg spa d
003 - CONTROL NUMBER IDENTIFIER
control field AR-UNSa-BCEJYS
040 ## - CATALOGING SOURCE
Original cataloging agency AR-UNSa-BCEJYS
Language of cataloging spa
Transcribing agency AR-UNSa-BCEJYS
080 ## - UNIVERSAL DECIMAL CLASSIFICATION NUMBER
Universal Decimal Classification number 330(82)
Common auxiliary subdivision Economia Argentina
020 ## - INTERNATIONAL STANDARD BOOK NUMBER
International Standard Book Number 950-23-1136-1
041 ## - LANGUAGE CODE
Language code of text/sound track or separate title spa
100 1# - MAIN ENTRY--PERSONAL NAME
Personal name Heymann, Daniel
245 10 - TITLE STATEMENT
Title La Argentina de los noventa
Name of part/section of a work Desempeño económico en un contexto de reformas
264 #1 - PRODUCTION, PUBLICATION, DISTRIBUTION, MANUFACTURE, AND COPYRIGHT NOTICE
Place of production, publication, distribution, manufacture Buenos Aires :
Name of producer, publisher, distributor, manufacturer EUDEBA (Editorial Universitaria de Buenos Aires)
Date of production, publication, distribution, manufacture, or copyright notice 2000
300 ## - PHYSICAL DESCRIPTION
Extent 2 v. (521 ; 482 p.)
Dimensions 23 cm.
505 ## - FORMATTED CONTENTS NOTE
Formatted contents note Vol. I: 1. Introducción: comentarios generales sobre el comportamiento de la economía y temas abiertos al finalizar los noventa - 2. Políticas de reforma y comportamiento macroeconómico – 3. El proceso de inversiones en la economía argentina. Impacto de las reformas de política y procesos de decisión ante un cambio de incertidumbres – 4. Algunos determinantes de la inversión en sectores de infraestructura en la Argentina – 5. El mercado de trabajo bajo el nuevo régimen económico en Argentina – 6. Distribución del ingreso en Argentina – Vol. II: 7. Determinantes de la inversión en telecomunicaciones en Argentina – 8. Regulación de las inversiones en el sector eléctrico argentino – 9. Inversiones en infraestructura vial: la experiencia argentina – 10. Determinantes de la inversión en el sector petróleo y gas en la Argentina – 11. Las reformas estructurales y el sector minero en Argentina – 12. Las inversiones en la industria argentina en la década de los noventa
590 ## - LOCAL NOTE (RLIN)
Local note niveau_biblio:m niveau_hierar:0
700 1# - ADDED ENTRY--PERSONAL NAME
Personal name Kosacoff, Bernardo
700 1# - ADDED ENTRY--PERSONAL NAME
Personal name Naciones Unidas. Comisión Económica para América Latina y el Caribe (CEPAL)
942 ## - ADDED ENTRY ELEMENTS (KOHA)
Koha item type
Existencias
Withdrawn status Lost status Damaged status Not for loan Home library Current library Shelving location Date acquired Total checkouts Full call number Barcode Date last seen Price effective from Koha item type
        Biblioteca Prof. Eusebio Cleto del Rey Biblioteca Prof. Eusebio Cleto del Rey   07/04/2026   330(82) H618 v.1 L86348 07/04/2026 07/04/2026 Libro
        Biblioteca Prof. Eusebio Cleto del Rey Biblioteca Prof. Eusebio Cleto del Rey   07/04/2026   330(82) H618 v.2 L86779 07/04/2026 07/04/2026 Libro